SUSURUTA SAMHITA (Record no. 16938)
[ view plain ]
| 000 -LEADER | |
|---|---|
| fixed length control field | 00362nam a22001577a 4500 |
| 003 - CONTROL NUMBER IDENTIFIER | |
| control field | SGT |
| 020 ## - INTERNATIONAL STANDARD BOOK NUMBER | |
| International Standard Book Number | 978-81-93-7196-0-2 |
| 082 ## - DEWEY DECIMAL CLASSIFICATION NUMBER | |
| Classification number | 615.53 |
| Item number | S18P |
| 100 ## - MAIN ENTRY--PERSONAL NAME | |
| Personal name | PATIL,VASANT.C. |
| 245 ## - TITLE STATEMENT | |
| Title | SUSURUTA SAMHITA |
| 260 ## - PUBLICATION, DISTRIBUTION, ETC. (IMPRINT) | |
| Place of publication, distribution, etc | NEW DELHI |
| Name of publisher, distributor, etc | CHAUKHAMBA PUB |
| Year of Publication | 2018 |
| 300 ## - PAGE DESCRIPTION | |
| No. of Pages | 592,668,592 |
| 650 ## - SUBJECT ADDED ENTRY--TOPICAL TERM | |
| Topical term or geographic name as entry element | AYURVEDA |
| 653 ## - KEYWORDS--INDEX TERM | |
| Keyword term | SUSURUTA, SAMHITA |
| 942 ## - ADDED ENTRY ELEMENTS (KOHA) | |
| Source of classification or shelving scheme | Dewey Decimal Classification |
| Koha item type | Books |
| 942 ## - ADDED ENTRY ELEMENTS (KOHA) | |
| -- | 4 |
| Withdrawn status | Lost status | Source of classification or shelving scheme | Damaged status | Not for loan | Collection code | Home library | Current library | Shelving location | Date acquired | Vendor Name | Cost, normal purchase price | Volume Information (Serial or Books or Non-Book Material) | SGTU | Bill Number | Total Checkouts | Full call number | Accession No. (Barcode) | Date last seen | Date last borrowed | Bill Date | Koha item type | Use restrictions |
|---|---|---|---|---|---|---|---|---|---|---|---|---|---|---|---|---|---|---|---|---|---|---|
| Dewey Decimal Classification | AYURVEDA | SGT FA-FP Library | SGT FA-FP Library | Text Book | 18/02/2019 | CHAUKHAMBA PUB | 775.00 | 1 | SGTU | CP/B/986 | 2 | 615.53 S18P | FA10214 | 22/05/2025 | 20/05/2025 | 12/02/2019 | Books | |||||
| Dewey Decimal Classification | AYURVEDA | SGT FA-FP Library | SGT FA-FP Library | Reference Book | 18/02/2019 | CHAUKHAMBA PUB | 775.00 | 1 | SGTU | CP/B/986 | 615.53 S18P | FA10215 | 18/02/2019 | 12/02/2019 | Books | Restricted Access | ||||||
| Dewey Decimal Classification | AYURVEDA | SGT FA-FP Library | SGT FA-FP Library | Text Book | 18/02/2019 | CHAUKHAMBA PUB | 775.00 | 2 | SGTU | CP/B/986 | 7 | 615.53 S18P | FA10216 | 17/02/2026 | 13/02/2026 | 12/02/2019 | Books | |||||
| Dewey Decimal Classification | AYURVEDA | SGT FA-FP Library | SGT FA-FP Library | Text Book | 18/02/2019 | CHAUKHAMBA PUB | 775.00 | 2 | SGTU | CP/B/986 | 9 | 615.53 S18P | FA10217 | 26/02/2026 | 13/02/2026 | 12/02/2019 | Books | |||||
| Dewey Decimal Classification | AYURVEDA | SGT FA-FP Library | SGT FA-FP Library | Reference Book | 18/02/2019 | CHAUKHAMBA PUB | 775.00 | 3 | SGTU | CP/B/986 | 615.53 S18P | FA10218 | 16/05/2019 | 12/02/2019 | Books | Restricted Access | ||||||
| Dewey Decimal Classification | AYURVEDA | SGT FA-FP Library | SGT FA-FP Library | Text Book | 18/02/2019 | CHAUKHAMBA PUB | 775.00 | 3 | SGTU | CP/B/986 | 10 | 615.53 S18P | FA10219 | 03/04/2026 | 03/04/2026 | 12/02/2019 | Books |